Salades Sodebo sur une carte - Statistiques

Statistiques générales
  • Ce quiz a été pris 63 fois
  • Le résultat moyen est 7 sur 11
Réponses sur la Carte
Les réponses sont colorées sur une échelle allant du rouge au vert en fonction du pourcentage des utilisateurs qui les ont devinées à leur premier essai. Vous pouvez retrouver ces pourcentages ci-dessous.
 
Statistiques - réponses
Type de lieu Ingrédients principaux Nom % Correct
Ville Mozzarella, jambon speck Rome (Roma)
93%
Ville Mozarrella, coppa, gorgonzola Venise (Venezia)
77%
Arrondissement Oeuf, poulet rôti, fromage Manhattan
75%
Ville Oeuf, saumon fumé Stockholm
75%
Ville Riz, duo de saumon, lentilles Oslo
74%
Quartier/ colline Jambon supérieur, emmental Montmartre
67%
Ancienne région Fourme d'Ambert AOP, jambon speck, noix Auvergne (Auvergnate)
63%
Ville Chèvre affiné, jambon speck Palerme
63%
Arrondissement Poulet rôti, fourme d'Ambert AOP, bacon Brooklyn
54%
Ville Riz, œuf, thon, olives Antibes
37%
Village Légumes grillés, thon, mozarrella Portofino
7%
Aucun quiz correspondant
Distribution des résultats
% des personnes avec chaque résultat
Percentile par nombre de réponses
Votre historique - résultats
Vous n’avez pas pris ce quiz